| 000 | 01638nam a22002657a 4500 | ||
|---|---|---|---|
| 999 |
_c60616 _d60616 |
||
| 003 | Ge_BSU | ||
| 005 | 20230926123247.0 | ||
| 008 | 230922s2015 ge ||||| |||| 00| 0 geo d | ||
| 020 | _a9789941937149 | ||
| 041 | _ageo | ||
| 080 | _a821.411.21-3 ჯ-42 | ||
| 100 |
_aჯიბრანი, ხალილ ჯიბრან _919869 |
||
| 245 |
_aმცირე პროზა, ესეისტიკა / _cჯიბრან ხალილ ჯიბრანი, ამინ არ-რეიჰანი; მთარგმნელები : დარეჯან გარდავაძე, იზოლდა გრძელიძე, ნინო დოლიძე [და სხვ.]; რედაქტორი დარეჯან გარდავაძე. |
||
| 264 |
_aთბილისი : _bქართული აკადემიური წიგნი, _c2015. |
||
| 300 |
_a232 გვ. ; _b 20 სმ. |
||
| 653 | _aპროზა | ||
| 653 | _aესეისტიკა | ||
| 700 |
_aარ–რეიჰანი, ამინ _eავტორი _919870 |
||
| 700 |
_aგარდავაძე, დარეჯან, მთარგმნელი _eრედაქტორი _919868 |
||
| 700 |
_aგრძელიძე, იზოლდა _eმთარგმნელი _919871 |
||
| 700 |
_aდოლიძე, ნინო _eმთარგმნელი _919872 |
||
| 700 |
_aზურაბიშვილი, ინგა _eმთარგმნელი _919873 |
||
| 700 |
_aსურმავა, ნინო _eმთარგმნელი _919874 |
||
| 942 |
_2udc _cBK |
||